00393nam a2200169Ia 4500008004100000041001200041082001100053100002900064245002300093365000700116520001400123546001200137630002300149650001400172655001400186730002300200101110s9999 xx 000 0 und d aENGLISH bJR1886 aGadgil L.H., Pathak S.P. aChemistry Std. XII b35 aChemistry aENGLISH aChemistry Std. XII aChemistry aChemistry aChemistry Std. XII